Enciclopedia Dominicana (Registro nro. 376)
[ vista simple ]
| 000 -LEADER | |
|---|---|
| fixed length control field | 00608nam a22002051a 4500 |
| 001 - CONTROL NUMBER | |
| control field | 376 |
| 003 - CONTROL NUMBER IDENTIFIER | |
| control field | OSt |
| 005 - DATE AND TIME OF LATEST TRANSACTION | |
| control field | 20260204211650.0 |
| 008 - FIXED-LENGTH DATA ELEMENTS--GENERAL INFORMATION | |
| fixed length control field | 031126s1978||||dr ||||||b||||||||||spa|| |
| 020 ## - NUMERO DE LIBRO INTERNACIONAL NORMALIZADO | |
| International Standard Book Number | 9768156341 |
| 050 ## - LIBRARY OF CONGRESS CALL NUMBER | |
| Classification number | R RD 036.7293 E56d |
| 082 ## - DEWEY DECIMAL CLASSIFICATION NUMBER | |
| Classification number | R. RD 036.7293 E56d |
| 245 ## - TÍTULO PROPIAMENTE DICHO: SUBTÍTULO | |
| Title | Enciclopedia Dominicana |
| 250 ## - MENCIÓN DE EDICIÓN | |
| Edition statement | 2 |
| 264 ## - PRODUCTION, PUBLICATION, DISTRIBUTION, MANUFACTURE, AND COPYRIGHT NOTICE | |
| Place of production, publication, distribution, manufacture | Santo Domingo : Enciclopedia Dominicana |
| 300 ## - PHYSICAL DESCRIPTION | |
| Extensión | 8 Tomos |
| 505 ## - NOTA DE CONTENIDO | |
| Formatted contents note | Tomo 1 desde la letra A-BRIT. 2 BUC-D. T. E-Her T.4 He-MonT.5 Mon-Pet T.6. Pet-SANT.7. SAN-Z. T.8. Antología Poética |
| 650 ## - ASIENTO SECUNDARIO DE MATERIA -- TERMINO TEMÁTICO | |
| Termino Temático Como Elemento de Entrada | 1.Enciclopedia DominicanaÌ |
| 942 ## - ADDED ENTRY ELEMENTS (KOHA) | |
| Source of classification or shelving scheme | Dewey Decimal Classification |
| Koha item type | Libros |
| Withdrawn status | Lost status | Source of classification or shelving scheme | Damaged status | Not for loan | Current library | Date acquired | Total Checkouts | Full call number | Barcode | Date last seen | Price effective from | Koha item type |
|---|---|---|---|---|---|---|---|---|---|---|---|---|
| Dewey Decimal Classification | Biblioteca UTECO | 09/09/2019 | R RD 036.7293 E56D | 004701 | 09/09/2019 | 09/09/2019 | Libros | |||||
| Dewey Decimal Classification | Biblioteca UTECO | 09/09/2019 | R RD 036.7293 E56D | 004702 | 09/09/2019 | 09/09/2019 | Libros | |||||
| Dewey Decimal Classification | Biblioteca UTECO | 09/09/2019 | R RD 036.7293 E56D | 004703 | 09/09/2019 | 09/09/2019 | Libros | |||||
| Dewey Decimal Classification | Biblioteca UTECO | 09/09/2019 | R RD 036.7293 E56D | 004704 | 09/09/2019 | 09/09/2019 | Libros | |||||
| Dewey Decimal Classification | Biblioteca UTECO | 09/09/2019 | R RD 036.7293 E56D | 004705 | 09/09/2019 | 09/09/2019 | Libros | |||||
| Dewey Decimal Classification | Biblioteca UTECO | 09/09/2019 | R RD 036.7293 E56D | 004706 | 09/09/2019 | 09/09/2019 | Libros | |||||
| Dewey Decimal Classification | Biblioteca UTECO | 09/09/2019 | R RD 036.7293 E56D | 004707 | 09/09/2019 | 09/09/2019 | Libros | |||||
| Dewey Decimal Classification | Biblioteca UTECO | 09/09/2019 | R RD 036.7293 E56D | 004708 | 09/09/2019 | 09/09/2019 | Libros |
